Т. 7 : Радиоэлектроника в системах вооружения. Средства отображения и документирования информации. Имитаторы и тренажеры: [сборник]; Радиоэлектроника в 1966 году

Bibliografische gegevens
Parent link:Радиоэлектроника в 1966 году: обзор по материалам иностранной печати/ Научно-исследовательский институт экономики и информации по радиоэлектронике (НИИЭИР). Т. 7 : Радиоэлектроника в системах вооружения. Средства отображения и документирования информации. Имитаторы и тренажеры.— , 1967
Taal:Russisch
Gepubliceerd in: 1967
Onderwerpen:
Formaat: Boek
KOHA link:https://koha.lib.tpu.ru/cgi-bin/koha/opac-detail.pl?biblionumber=318805

MARC

LEADER 00000nam2a2200000 4500
001 318805
005 20231102003120.0
035 |a (RuTPU)RU\TPU\book\344306 
090 |a 318805 
100 |a 20160506d1967 k y0rusy50 ca 
101 0 |a rus 
102 |a RU 
105 |a a z 001zy 
200 0 |a Т. 7 : Радиоэлектроника в системах вооружения. Средства отображения и документирования информации. Имитаторы и тренажеры  |e [сборник] 
210 |d 1967 
215 |a 82 с.  |c ил. 
320 |a Библиогр.: с. 70-82 
461 1 |0 (RuTPU)RU\TPU\book\344216  |t Радиоэлектроника в 1966 году  |o обзор по материалам иностранной печати  |f Научно-исследовательский институт экономики и информации по радиоэлектронике (НИИЭИР)  |v Т. 7 : Радиоэлектроника в системах вооружения. Средства отображения и документирования информации. Имитаторы и тренажеры  |d 1967 
606 1 |a Военно-морская техника и вооружение  |2 stltpush  |3 (RuTPU)RU\TPU\subj\3259  |9 31705 
606 1 |a Радиоэлектроника военная  |2 stltpush  |3 (RuTPU)RU\TPU\subj\71757  |9 85525 
606 1 |a Радиоэлектроника  |2 stltpush  |3 (RuTPU)RU\TPU\subj\69507  |9 84342 
610 1 |a США 
610 1 |a Вооруженные Силы 
610 1 |a управление 
610 1 |a командование 
610 1 |a тактические системы 
610 1 |a ПВО 
610 1 |a европейские системы 
610 1 |a ПРО 
610 1 |a противоракетная оборона 
610 1 |a противовоздушная оборона 
610 1 |a средства поражения 
610 1 |a противолодочная оборона 
610 1 |a средства обнаружения 
610 1 |a оружие 
610 1 |a техника 
610 1 |a океанографические исследования 
610 1 |a ракеты 
610 1 |a противотанковые снаряды 
610 1 |a космическая разведка 
610 1 |a воздушная разведка 
610 1 |a информация 
610 1 |a отображение 
610 1 |a документирование 
610 1 |a воспроизведение 
610 1 |a электрография 
610 1 |a электрофотография 
675 |a 621.37/.39  |v 4 
686 |a Ц661  |v LBC/SL-A  |2 rubbk 
686 |a Ц57  |v LBC/SL-A  |2 rubbk 
801 1 |a RU  |b 63413507  |c 20160506 
801 2 |a RU  |b 63413507  |c 20171101  |g RCR 
942 |c BK